000 00865nam a2200253Ia 4500
003 OSt
005 20220923211450.0
006 a|||||r|||| 00| 0
007 ta
008 Pun
020 _a9789350686973 (hbk)
_c300
024 _a282,568
037 _b868, 14/08/2014, H.K. Prakashan
_cTextual
040 _aARTS
_cARTS
_bPun
041 _2Pun
_aPun
082 _aO153,3:g, Q4
100 _aਧਾਲੀਵਾਲ, ਬਲਦੇਵ ਸਿੰਘ
245 0 _aਇੱਕੀਵੀ ਸਦੀ ਅਤੇ ਪੰਜਾਬੀ ਕਹਾਣੀ
260 _aਚੰਡੀਗੜ
_b ਲੋਕਗੀਤ ਪ੍ਰਕਾFਨ
_c2014
300 _a170ਪੰ
_ccm.
650 _aਪੰਜਾਬੀ ਸਾਹਿਤ
942 _hO153,3:g, Q4
_cTEXL
_2CC
999 _c299792
_d299792